|
|
|
|
| LEADER |
00000nam0a2200000 4500 |
| 001 |
307436 |
| 005 |
20231102002008.0 |
| 020 |
|
|
|a RU
|b 83-55907
|
| 035 |
|
|
|a (RuTPU)RU\TPU\book\332729
|
| 090 |
|
|
|a 307436
|
| 100 |
|
|
|a 20151020d1983 k y0rusy5003 ca
|
| 101 |
0 |
|
|a rus
|
| 102 |
|
|
|a RU
|
| 105 |
|
|
|a a z 001zy
|
| 200 |
1 |
|
|a Методы диагностирования электронных устройств
|e сборник статей
|f Академия наук СССР (АН СССР), Дальневосточное отделение (ДВО), Институт автоматики и процессов управления (ИАПУ) ; под ред. В. П. Чипулиса
|
| 210 |
|
|
|a Владивосток
|c Изд-во ДВНЦ АН СССР
|d 1983
|
| 215 |
|
|
|a 117 с.
|c ил.
|
| 320 |
|
|
|a Библиография в конце статей
|
| 606 |
1 |
|
|a Электронные устройства
|x Техническая диагностика
|2 stltpush
|3 (RuTPU)RU\TPU\subj\20537
|9 45636
|
| 610 |
1 |
|
|a методы
|
| 610 |
1 |
|
|a диагностика
|
| 610 |
1 |
|
|a микропроцессорные комплексы
|
| 610 |
1 |
|
|a микропроцессорные контроллеры
|
| 610 |
1 |
|
|a встроенное оборудование
|
| 610 |
1 |
|
|a дискретные устройства
|
| 610 |
1 |
|
|a аналоговые системы
|
| 610 |
1 |
|
|a аналого-цифровые устройства
|
| 675 |
|
|
|a 621.38.004
|z rus
|v 4
|
| 702 |
|
1 |
|a Чипулис
|b В. П.
|4 340
|
| 712 |
0 |
2 |
|a Академия наук СССР (АН СССР)
|b Дальневосточное отделение (ДВО)
|b Институт автоматики и процессов управления (ИАПУ)
|c (Владивосток)
|2 stltpush
|3 (RuTPU)RU\TPU\col\4503
|
| 801 |
|
0 |
|a RU
|b RuMRKP
|c 19950704
|g psbo
|
| 801 |
|
1 |
|a RU
|b 63413507
|c 20151020
|
| 801 |
|
2 |
|a RU
|b 63413507
|c 20171012
|g RCR
|
| 942 |
|
|
|c BK
|